Statistiques concernant L'œuvre architecturale de Le Corbusier - (Avec Carte)

Cliquez ici pour prendre le quiz!

Statistiques générales

  • Ce quiz a été pris 24 fois
  • Le résultat moyen est 3 sur 17

Réponses sur la Carte

Les réponses sont colorées sur une échelle allant du rouge au vert en fonction du pourcentage des utilisateurs qui les ont devinées à leur premier essai. Vous pouvez retrouver ces pourcentages ci-dessous.
 

Statistiques - réponses

LocalisationRéalisation% Correct
MarseilleUnité d'habitation de Marseille (Cité radieuse)
91%
PoissyVilla Savoye et loge du jardinier
64%
RonchampChapelle-Notre Dame-du-Haut
27%
PessacCité Frugès
23%
ParisMaisons La Roche et Jeanneret
18%
ChandigarhComplexe du Capitole
14%
GenèveImmeuble Clarté
14%
Paris/Boulogne BillancourtImmeuble locatif à la Porte Molitor
14%
TokyoMusée national de l'art occidental
14%
CorseauxPetite villa au bord du Lac Léman
14%
Roquebrune-Cap-MartinCabanon de Le Corbusier
9%
ÉveuxCouvent Sainte-Marie de La Tourette
9%
La PlataMaison du docteur Curutchet
9%
AnversMaison Guiette
9%
StuttgartMaisons de la Weissenhof Siedlung
9%
Saint-Dié-des-VosgesLa manufacture à Saint-Dié
5%
FirminyMaison de la Culture de Firminy
5%

Distribution des résultats

Percentile par nombre de réponses

% des personnes avec chaque résultat

Votre développement - résultats

Vous n’avez pas pris ce quiz